000 00291nam a22001097a 4500
082 _a621.3 ANI'A
100 _aANDERSON, E. P
_956933
245 _aAUDELS QUESTIONS AND ANSWERS FOR ELECTRICIANS EXAMINATIONS FOR ALL GRADES
260 _aNEWYORK
_bAUDELS
_c1960
300 _a256P
942 _cBK
999 _c577373
_d577373